| 000 | 01628nam a2200325 a 4500 | ||
|---|---|---|---|
| 999 |
_c723 _d723 |
||
| 003 | AR-BaISA | ||
| 005 | 20200221133155.0 | ||
| 007 | ta | ||
| 008 | 180824s2015 sp ado | |||| 001 0 spa d | ||
| 020 | _a9788416781171 | ||
| 040 | _cAR-BaISA | ||
| 082 | 0 | 4 |
_222 _a612.76 H181 |
| 100 | 1 | 0 |
_aHamill, Joseph _91734 _eaut. |
| 245 | 1 | 0 |
_aBiomecánica, bases del movimiento humano / _cJoseph Hamill, Kathleen M. Knutzen y Timothy R. Derrick |
| 250 | _a4ª ed. | ||
| 260 |
_aBarcelona _bWolters Kluwer, _c2015 |
||
| 300 |
_aXI, 484 p.: _bil., graf., fot; _c28 cm. |
||
| 336 |
_aTexto (visual) _2isbdcontent |
||
| 337 |
_asin mediación _2isbdmedia |
||
| 504 | _aBibliografía al final de cada capítulo | ||
| 504 | _aÍndice p: 473-484 | ||
| 505 |
_tPRINCIPIOS DEL MOVIMIENTO HUMANO: _tTerminología básica -- _tConsideraciones esqueléticas para el movimiento -- _tConsideraciones musculares para el movimiento -- _tConsideraciones neurológicas para el movimiento -- _tANATOMÍA FUNCIONAL: _tAnatomía funcional de la extremidad superior -- _tAnatomía funcional de la extremidad inferior -- _tAnatomía funcional del tronco -- _tANÁLISIS MECÁNICO DEL MOVIMIENTO HUMANO: _tCinemática lineal -- _tCinemática angular -- _tCinética lineal -- _tCinética angular |
||
| 530 | _aDisponible en línea con clave de acceso incluida en la publicación | ||
| 650 | 1 | 4 |
_aBiomecánica _979 |
| 650 | 1 | 4 |
_aMovimiento _9881 |
| 700 | 1 |
_aKnutzen, Kathleen _91735 _eaut. |
|
| 700 | 1 |
_aDerrick, Timothy R. _91736 _eaut. |
|
| 856 | 4 | 1 |
_uhttp://thepoint.lww.com/espanol-carpenito14e _yVersión en línea _zcon clave de acceso |
| 942 |
_2ddc _cLI |
||